000 00197 a2200097 4500
001 18006
100 _aGrube, E J
245 _aWorld of Islam
260 _a
_bPaul Hamlyn
_c
090 _c13310
_d13310
942 _aNUST-CAE
_cM
_c3682
999 _c253079
_d253079